000 00589nam a2200217Ia 4500
003 OSt
005 20220928144704.0
006 a|||||r|||| 00| 0
007 ta
008 220927b |||||||| |||| 00| 0 eng d
024 _a73104
037 _cTextual
040 _aSDCL
_cSDCL
_beng
041 _2eng
_aeng
082 _aV5931:74'M, L3
100 _aCassels Lavender
_9509142
245 0 _aClash of generations
_b A Habsburg family drama in the 19th century.
260 _c1973
942 _hV5931:74'M, L3
_cTEXL
_2CC
999 _c829011
_d829011